| 000 | 00344nam a22001337a 4500 | ||
|---|---|---|---|
| 008 | 230828b |||||||| |||| 00| 0 eng d | ||
| 082 | _a621-WINJ | ||
| 100 |
_a- _955424 |
||
| 245 |
_aWindows 10Jaws 2021 _hEnglish |
||
| 260 |
_aA.I.C.B. _bDelhi _cRohini |
||
| 270 | _aA.I.C.B. Rohini, Delhi | ||
| 300 | _a12x13 | ||
| 942 |
_2ddc _cBRLEN _k621 _mWINJ |
||
| 999 |
_c197592 _d197592 |
||